000 00830cam a2200301 4500500
005 20260329004019.0
041 _afre
042 _adc
100 1 0 _aTesson, Sylvain
_eauthor
245 0 0 _aPourquoi est-il si difficile de changer ?
260 _c2017.
500 _a7
690 _aCatherine Malabou
690 _achangement
690 _aChanger
690 _aDécision
690 _aDéménagement
690 _aExercice
690 _aJoie
690 _aPartir
690 _aPeter Sloterdijk
690 _aPierre Zaoui
690 _aRésolution
690 _aSpinoza
690 _aYohann Diniz
786 0 _nPhilosophie magazine | 115 | 12-1 | 2017-12-01 | p. 18-19 | 1951-1787
856 4 1 _uhttps://shs.cairn.info/magazine-philosophie-magazine-2017-12-1-page-18?lang=fr&redirect-ssocas=7080
999 _c1829775
_d1829775